Adolfo Nicolás, S.J. en México /

Uloženo v:
Podrobná bibliografie
Korporativní autor: Compañía de Jesús. Prepósito General (2008-2016 : Nicolás Pachón)
Další autoři: Nicolás Pachón, Adolfo (autor) (autor)
Médium: Neznámo
Jazyk:španělština
Vydáno: México : Compañía de Jesús, Provincia Mexicana, 2010
Témata:
Tagy: Přidat tag
Žádné tagy, Buďte první, kdo vytvoří štítek k tomuto záznamu!

MARC

LEADER 00000c**#a2200000ua#4500
001 000615054
005 20251015000000.0
009 20260310133654.25
025 |a Donación Juan Lafarga Corona, 1 ejemplar 
037 |a Acervo Xavier Clavigero 
041 |a ESP 
091 |a FLC. 00632 
110 |a Compañía de Jesús.  |b Prepósito General (2008-2016 : Nicolás Pachón) 
245 1 0 |a Adolfo Nicolás, S.J. en México / 
264 1 |a México :  |b Compañía de Jesús, Provincia Mexicana,  |c 2010 
300 |a 176 p., [24 p. de láminas] 
336 |a texto  |b txt  |2 rdacontenido 
337 |a sin mediación  |b n  |2 rdamedio 
338 |a volumen  |b nc  |2 rdasoporte 
561 |a Ex libris de la Biblioteca Dr. Juan Lafarga Corona 
561 |a Ex libris del INIDH Instituto Nacional de Investigación en Desarrollo Humano 
649 |a XX 
650 |a Jesuitas -  |x Historia -  |y 2008-2016 
650 |a ITESO -  |x Historia -  |y 2008-2014 
700 |a Nicolás Pachón, Adolfo  |e (autor) 
910 |a Fondo Juan Lafarga Corona S.J. 
920 |a Impresos - Libros 
930 |a Fondos Especiales 
940 |a Jesuitas 
905 |a 145 
901 |a 615066-10  |b IT2  |c ESL  |i D  |u 20250522 
902 |a https://opac.biblio.iteso.mx/vufind/Record/000615054